Catalog

Record Details

Catalog Search



The power : a novel  Cover Image Book Book

The power : a novel / Naomi Alderman ; illustrations by Marsh Davies.

Alderman, Naomi, (author.). Davies, Marsh, (illustrations.).

Summary:

'All over the world women and girls are discovering they have the power. With a flick of the fingers they can inflict terrible pain, and even death. And with this small twist of nature, everything changes drastically. Ambitious and provocative, visceral and page-turning, award-winning author Naomi Alderman's THE POWER at once takes us on a journey to an alternate reality and exposes our own world in bold and surprising ways."-- Provided by publisher

Record details

  • ISBN: 0316547603
  • ISBN: 9780316547604
  • Physical Description: 385 pages : illustrations ; 22 cm
  • Edition: First Back Bay paperback edition.
  • Publisher: New York ; Back Bay Books, Little, Brown and Company, 2019.

Content descriptions

General Note:
"Originally published in Great Britain by Viking, October 2016"--Title page verso
Subject: Women > Fiction.
Teenage girls > Fiction.
Sex role > Fiction.
Social role > Fiction.
Sex role > Fiction.
FICTION > Science Fiction > Apocalyptic & Post-Apocalyptic.
FICTION > Coming of Age.
FICTION > Dystopian.
Sex role.
Social role.
Teenage girls.
Women.
Genre: Fantasy > Adult fiction.
Novels.
Dystopian fiction.
Fiction.
Dystopias.
Dystopian fiction.
Novels.

Available copies

  • 1 of 1 copy available at scottsboropl.

Holds

  • 0 current holds with 1 total copy.
Show Only Available Copies
Location Call Number / Copy Notes Barcode Shelving Location Status Due Date
scottsboropl F Ald 32269001183956 Adult - Fiction Available -

LDR 02627cam a2200565 i 4500
001157564
003SBPL
00520220217165410.0
008170918t20192016nyua 000 f eng d
040 . ‡aYDX ‡beng ‡erda ‡cYDX ‡dBDX ‡dOCLCQ ‡dISN ‡dJOZ ‡dOCLCF ‡dYDX ‡dTV3 ‡dIEQ ‡dOCLCO ‡dWSD ‡dOCLCO ‡dTJ7 ‡dIA6 ‡dOCLCO ‡dZLF ‡dOCLCO ‡dNJR ‡dTCH ‡dOCL ‡dKJ6 ‡dHIR ‡dOCLCO ‡dOCL ‡dKK2 ‡dOCLCQ
020 . ‡a0316547603
020 . ‡a9780316547604
035 . ‡a(OCoLC)1004172118
050 4. ‡aPR6101.L43 ‡bP69 2019
1001 . ‡aAlderman, Naomi, ‡eauthor.
24514. ‡aThe power : ‡ba novel / ‡cNaomi Alderman ; illustrations by Marsh Davies.
250 . ‡aFirst Back Bay paperback edition.
264 1. ‡aNew York ; ‡aBoston ; ‡aLondon : ‡bBack Bay Books, Little, Brown and Company, ‡c2019.
264 4. ‡c©2016
300 . ‡a385 pages : ‡billustrations ; ‡c22 cm
336 . ‡atext ‡btxt ‡2rdacontent
337 . ‡aunmediated ‡bn ‡2rdamedia
338 . ‡avolume ‡bnc ‡2rdacarrier
500 . ‡a"Originally published in Great Britain by Viking, October 2016"--Title page verso
520 . ‡a'All over the world women and girls are discovering they have the power. With a flick of the fingers they can inflict terrible pain, and even death. And with this small twist of nature, everything changes drastically. Ambitious and provocative, visceral and page-turning, award-winning author Naomi Alderman's THE POWER at once takes us on a journey to an alternate reality and exposes our own world in bold and surprising ways."-- ‡cProvided by publisher
650 0. ‡aWomen ‡vFiction.
650 0. ‡aTeenage girls ‡vFiction.
650 0. ‡aSex role ‡vFiction.
650 0. ‡aSocial role ‡vFiction.
650 1. ‡aSex role ‡vFiction.
650 7. ‡aFICTION ‡xScience Fiction ‡xApocalyptic & Post-Apocalyptic. ‡2bisacsh
650 7. ‡aFICTION ‡xComing of Age. ‡2bisacsh
650 7. ‡aFICTION ‡xDystopian. ‡2bisacsh
650 7. ‡aSex role. ‡2fast ‡0(OCoLC)fst01114598
650 7. ‡aSocial role. ‡2fast ‡0(OCoLC)fst01122857
650 7. ‡aTeenage girls. ‡2fast ‡0(OCoLC)fst01145412
650 7. ‡aWomen. ‡2fast ‡0(OCoLC)fst01176568
655 4. ‡aFantasy ‡vAdult fiction.
655 7. ‡aNovels. ‡2fast ‡0(OCoLC)fst01921742
655 7. ‡aDystopian fiction. ‡2fast ‡0(OCoLC)fst01921637
655 7. ‡aFiction. ‡2fast ‡0(OCoLC)fst01423787
655 7. ‡aDystopias. ‡2gsafd
655 7. ‡aDystopian fiction. ‡2lcgft
655 7. ‡aNovels. ‡2lcgft
7001 . ‡aDavies, Marsh, ‡eillustrations.
938 . ‡aBrodart ‡bBROD ‡n120808641
938 . ‡aYBP Library Services ‡bYANK ‡n14796098
0291 . ‡aAU@ ‡b000065169654
994 . ‡aZ0 ‡bMWL
948 . ‡hNO HOLDINGS IN MWL - 166 OTHER HOLDINGS
901 . ‡a157564 ‡b ‡c157564 ‡tbiblio

Additional Resources